000 00609nam a2200241Ia 4500
001 51265
005 20240114005221.0
007 ta
008 090618s2006 g b000 u 465 u
040 _aCotton College,Assam
041 _a465
082 _a574
_bMUK
100 _aMukunda, N .
245 0 _aJournal of Biosciences Vol 31 /
_cN Mukunda.
_hTextual Documents
250 _a1st /
260 _aBangalore :
_bIndian Academy of Sciences ,
_c2006.
300 _c24 cm.
653 _aJournals
653 _aBV-Biology
942 _2ddc
_cBK
999 _c51230
_d51230